<?xml version="1.0" encoding="UTF-8"?>
<marc:record xmlns:marc="http://www.loc.gov/MARC21/slim">
   <marc:leader>00000nam a2200000 a 4500</marc:leader>
   <marc:datafield ind1="1" ind2=" " tag="100">
      <marc:subfield code="a">Golz, Melanie</marc:subfield>
      <marc:subfield code="4">aut</marc:subfield>
      <marc:subfield code="e">Verfasser/-in</marc:subfield>
   </marc:datafield>
   <marc:datafield ind1=" " ind2=" " tag="653">
      <marc:subfield code="a">Esel</marc:subfield>
   </marc:datafield>
   <marc:datafield ind1="0" ind2="0" tag="245">
      <marc:subfield code="a">Grundlagen der Esel- und Mulihaltung</marc:subfield>
   </marc:datafield>
   <marc:datafield ind1="0" ind2="0" tag="245">
      <marc:subfield code="c">Melanie Golz</marc:subfield>
   </marc:datafield>
   <marc:datafield ind1=" " ind2="1" tag="264">
      <marc:subfield code="a">Norderstedt</marc:subfield>
      <marc:subfield code="b">Books on Demand</marc:subfield>
      <marc:subfield code="c">2017</marc:subfield>
   </marc:datafield>
   <marc:datafield ind1="1" ind2=" " tag="520">
      <marc:subfield code="a">Angaben aus der Verlagsmeldung

Grundlagen der Esel- und Mulihaltung / von Melanie Golz

Wer sich einen Esel oder ein Maultier zulegt, der hat einen Freund für‘s Leben gefunden. Diese Freundschaft verpflichtet jedoch, sich das nötige Wissen anzueignen.
Esel zu halten ist mit vielen Anforderungen verbunden, um den liebenswerten Exoten ein artgerechtes und gesundes Leben zu bieten.
In diesem Basishandbuch der Eselhaltung werden alle wichtigen Themen der Eselkunde behandelt: Tierschutz, Geschichte und Wesen der Langohren, Unterbringung im Stall und auf der Weide, Huf- und Fellpflege, gesunde Fütterung, Umgang und Erziehung, Krankheiten und weitere Themen.
Dieses Grundlagenwerk, welches in Zusammenarbeit mit der IGEM entstanden ist, versetzt jeden Eselfreund in die Lage, die richtigen Entscheidungen zum Wohle seines Esels oder Mulis zu treffen.
</marc:subfield>
   </marc:datafield>
   <marc:datafield ind1=" " ind2=" " tag="020">
      <marc:subfield code="a">9783744855525</marc:subfield>
      <marc:subfield code="9">9783744855525</marc:subfield>
   </marc:datafield>
   <marc:datafield ind1=" " ind2=" " tag="041">
      <marc:subfield code="a">ger</marc:subfield>
   </marc:datafield>
   <marc:datafield ind1=" " ind2=" " tag="300">
      <marc:subfield code="a">Online-Ressourcen</marc:subfield>
   </marc:datafield>
</marc:record>
